[Event "GER-chT U14 Girls"]
[Site "Neumuenster"]
[Date "2019.12.30"]
[Round "7.7"]
[White "Foos, Vanessa"]
[Black "Niesch, Sarah"]
[Result "1-0"]
[WhiteElo "1309"]
[BlackElo "1043"]
[PlyCount "51"]
[EventDate "2019.12.27"]
[EventType "team-swiss"]
[EventRounds "7"]
[EventCountry "GER"]
[SourceTitle "CBM 194 Extra"]
[Source "ChessBase"]
[SourceDate "2020.03.31"]
[SourceVersion "1"]
[SourceVersionDate "2020.03.31"]
[SourceQuality "1"]
[WhiteTeam "Harksheide"]
[BlackTeam "Leipzig Lindenau"]
[WhiteTeamCountry "GER"]
[BlackTeamCountry "GER"]

1. e4 e5 2. Nf3 Nc6 3. Bc4 d6 4. Nc3 Nf6 5. Ng5 d5 6. exd5 Na5 7. Bb5+ Bd7 8. Qe2 Bd6 9. d4 Bxb5 10. Qxb5+ c6 11. dxc6 bxc6 12. Qe2 Nd7 13. dxe5 Nxe5 14. f4 f6 15. Nf3 0-0 16. fxe5 fxe5 17. 0-0 Qe7 18. Bg5 Qe8 19. b4 Nb7 20. Qc4+ Kh8 21. Qxc6 Rb8 22. Qe4 h6 23. Qh4 Kg8 24. Nd5 hxg5 25. Nxg5 Qd8 26. Qh7# 1-0

[Event "GER-chT U14 Girls"]
[Site "Neumuenster"]
[Date "2019.12.29"]
[Round "6.7"]
[White "Niesch, Sarah"]
[Black "Bone, Annalena"]
[Result "1-0"]
[WhiteElo "1043"]
[BlackElo "1109"]
[PlyCount "113"]
[EventDate "2019.12.27"]
[EventType "team-swiss"]
[EventRounds "7"]
[EventCountry "GER"]
[SourceTitle "CBM 194 Extra"]
[Source "ChessBase"]
[SourceDate "2020.03.31"]
[SourceVersion "1"]
[SourceVersionDate "2020.03.31"]
[SourceQuality "1"]
[WhiteTeam "Leipzig Lindenau"]
[BlackTeam "Raesfeld"]
[WhiteTeamCountry "GER"]
[BlackTeamCountry "GER"]

1. d4 d5 2. Nc3 Nf6 3. g3 Bf5 4. Bg2 e6 5. e3 c5 6. Nge2 Nc6 7. 0-0 Bd6 8. b3 0-0 9. Ba3 Nd7 10. dxc5 Nxc5 11. Bxc5 Bxc5 12. e4 Bg6 13. exd5 exd5 14. Nxd5 Qa5 15. c3 Rad8 16. b4 Bxb4 17. cxb4 Nxb4 18. Ne7+ Kh8 19. Nxg6+ fxg6 20. Qb3 Qb6 21. a3 Nc6 22. Qxb6 axb6 23. Rab1 Rd3 24. Rxb6 Rd7 25. Bxc6 bxc6 26. Rxc6 Re7 27. Nf4 Ra7 28. Ra1 Kg8 29. a4 Raf7 30. a5 g5 31. Ne6 Re8 32. Nxg5 Ra7 33. a6 h6 34. Ne6 Rb8 35. Rc7 Rba8 36. Rxa7 Rxa7 37. Nd8 Kf8 38. Nc6 Ra8 39. a7 Ke8 40. Rb1 Kd7 41. Nb8+ Kc7 42. Na6+ Kc6 43. Nb8+ Kd5 44. Rb7 Ke5 45. Rxg7 Ke4 46. Rb7 Kf3 47. Nc6 Re8 48. Rb1 h5 49. Nd4+ Kg4 50. Rb8 Rxb8 51. axb8Q Kg5 52. Qf4+ Kg6 53. h4 Kg7 54. Qf5 Kh8 55. Qf6+ Kh7 56. Ne6 Kg8 57. Qg7# 1-0

[Event "GER-chT U14 Girls"]
[Site "Neumuenster"]
[Date "2018.12.27"]
[Round "1.1"]
[White "Buchholz, Maja Patricia"]
[Black "Niesch, Sarah"]
[Result "1-0"]
[WhiteElo "1517"]
[BlackElo "1084"]
[PlyCount "61"]
[EventDate "2018.12.27"]
[EventType "team-swiss"]
[EventRounds "7"]
[EventCountry "GER"]
[SourceTitle "CBM 188 Extra"]
[Source "ChessBase"]
[SourceDate "2019.02.26"]
[SourceVersion "1"]
[SourceVersionDate "2019.02.26"]
[SourceQuality "1"]
[WhiteTeam "Hofheim"]
[BlackTeam "Leipzig Lindenau"]
[WhiteTeamCountry "GER"]
[BlackTeamCountry "GER"]

1. c4 e5 2. Nc3 Nc6 3. g3 Nf6 4. Bg2 Bc5 5. d3 d6 6. Nf3 Bf5 7. a3 h6 8. b4 Bd4 9. Bb2 0-0 10. 0-0 a6 11. Nxd4 exd4 12. Nd5 Re8 13. Rc1 Re5 14. e3 b5 15. Nxf6+ Qxf6 16. Bxc6 Qg6 17. Bxa8 Bg4 18. Qc2 Rh5 19. Bxd4 Qf5 20. Be4 Qe6 21. cxb5 axb5 22. Qxc7 Kf8 23. Qd8+ Qe8 24. Bxg7+ Kxg7 25. Qxe8 Re5 26. Qd8 Re6 27. Bd5 Rg6 28. Rc7 h5 29. Rxf7+ Kh6 30. Qh8+ Kg5 31. h4# 1-0